• 首页
  • 本馆介绍
  • 公告通知
  • 最新文献
  • 馆藏检索
  • 电子资源
  • 读者导购
  • 参考咨询
  • 我的图书馆
  • 登录
  • 详细信息显示
  • 放入我的书架
  • 预约/预借图书
  • 作者相关作品
  • 分类相关作品
  • 丛书相关作品
  • 出版社相关作品

书目信息

  • 表格格式
  • 工作单格式
  • 卡片格式
书名: Anthropology 99/00
作者: editor, Elvio Angeloni.
分册号:
分册名:
出版地: Guilford, Conn. :
 
出版社: Dushkin/McGraw-Hill
出版时间: c2000.
页数: x, 229 p. :
开本: 28 cm.
丛书名: Annual editions
中图分类号:
科图分类号:
其他分类号: C912.4
主题词:
电子资源:
000 00726cam a2200253 a 4500
001 E0730339327
003 CAL
005 20070712082922.06
008 021021s2000 ctuaob b 001 0 eng d
020    @a0070400970.
040    @aSCT@cSCT
050 04 @aGN325@b.A53
082 0  @a301.2
090    @aC912.4
093    @aQ98@24
099    @dC912.4@ex257(99/00)
245 00 @aAnthropology 99/00 / @ceditor, Elvio Angeloni.
250    @a22nd ed.
260    @aGuilford, Conn. :@bDushkin/McGraw-Hill,@cc2000.
300    @ax, 229 p. :@bill., photos, map ;@c28 cm.
440  0 @aAnnual editions,@x1091-613X
504    @aIncludes bibliographical references and index.
650  0 @aAnthropology@vPeriodicals.
700 1  @aAngeloni, Elvio.
    
    Anthropology 99/00 / / editor, Elvio Angeloni.-22nd ed.-Guilford, Conn. : : Dushkin/McGraw-Hill, , c2000.
    x, 229 p. : : ill., photos, map ; ; 28 cm.- (Annual editions, 1091-613X)
    Includes bibliographical references and index.
    
    ISBN 0070400970.
    
●
相关链接 在E读中查询图书 在五车中查询图书 在当当中查询图书 在豆瓣中查询图书


正题名:Anthropology 99/00     索取号:C912.4/x257(99/00)         预约/预借

序号 登录号 条形码 馆藏地/架位号 状态 备注
1 0012610   300126101   第二样本阅览室/ [索取号:C912.4/x257(99/00)] 在馆    
唐山师范学院图书馆 欢迎您!
大连网信软件有限公司© 版权所有